000 nam a22 a 4500
999 _c56183
_d56183
003 BLK
005 20221014090444.0
008 180408b bul|||||r ||||||| ||bul||
010 _aKNG00060162000
040 _aBLK
041 _aBUL
_cBUL
080 _aХидробиология. Водни биоценози и екосистеми - Хидробионти, планктон, бентос и др. Вж и 556
_b574.5
_x(075.8)
_z574.5(075.8)
100 1 _aАнгелов, Ангел Милчев
_9286693
139 _aАнгелов, Ангел Милчев
_bА 64
245 1 0 _aОбща хидробиология
_bУчебник за студенти-биолози
_cАнгел Милчев Ангелов.
257 _aBGR
260 _bНаука и изкуство
_c1971
_aСофия
300 _a327 с.
_c20 см
380 _a5
500 _aБиблиогр. с. 322-323.
650 4 _aХидрология - учебници за ВУЗ
_9255199
653 _aхидробиология
852 _aЦб 61224
_bЦб
856 4 _qpdf
856 4 _qpdf
942 _cKNG
_n0
_01
_s1
944 _aCR
_c13.06.2004
_kКети_Илиева
944 _aED
_c09.02.2012
999 _d56183
999 _d56183